|
|
|
|
| LEADER |
00000nab a2200000ua 4500 |
| 001 |
vtls010830881 |
| 003 |
SK-MaSNL |
| 005 |
20260303144518.0 |
| 008 |
230222s2004 xo |||||||||||||||||slo| |
| 035 |
|
|
|a (urnnbn)urn:nbn:sk:snk:ar-a06hju
|
| 035 |
|
|
|a urn:nbn:sk:snk-ab5vwg
|
| 035 |
|
|
|a (uuid)38133447-00e9-4e01-ab1c-829899a4eda2
|
| 040 |
|
|
|a SNKBUCL
|b slo
|c SNKBUCL
|e AACR2
|
| 041 |
0 |
|
|a slo
|
| 044 |
|
|
|a xo
|c SK
|
| 100 |
1 |
|
|a Líšková, Miroslava,
|d 1970-
|4 aut
|9 188816
|
| 245 |
1 |
0 |
|a Mentálna anorexia v rodine
|c Miroslava Líšková
|
| 773 |
0 |
|
|t Sestra : odborný mesačník pre ošetrovateľstvo
|g Roč. 3, č. 10 (2004), s. 31
|
| 954 |
|
|
|a odborná, vedecká literatúra pôvodná (slovenská)
|2 lita
|
| 958 |
|
|
|a OND
|
| 958 |
|
|
|a EUIPO
|
| 958 |
|
|
|a article5
|
| 999 |
|
|
|c 1997656
|d 1999586
|